000
00316nam a22001337a 4500
008
210303b ||||| |||| 00| 0 eng d
041
_a
eng
080
_a
336
082
_a
336
100
_a
56
101
_a
FIN
245
_a
Thorndike Encyclopedia of Banking and Financial Tables
_c
Thorndike. D
942
_2
udc
_c
BK
999
_c
55651
_d
55651